000
00255nam a22001217a 4500
003
SGT
082
_a
080
_b
H18V
100
_a
VEDA, RIG
245
_a
HYMNS OF CREATIONS
260
_b
THE SPEAKING TREE COLLECTIONS
_c
2018
300
_a
221
942
_2
ddc
_c
BK
999
_c
31484
_d
31484